000 00565nam a2200205Ia 4500
005 20250508162057.0
008 008 250505s9999 xx 000 0 eng d
020 _a0-85227-010-0
037 _aTextual
040 _aFEDL
_beng
_cFEDL
041 _aeng
_2eng
084 _a371.2, VIC
_qFEDL
100 _aVickers Geoffrey
245 0 _aMaking institutions work
260 _aLondon, UK
_bAssociated Business Programmes
_c1973
300 _a187p.
650 _aSchool Administration
942 _cTEXL
_h371.2, VIC
999 _c1374244
_d1374244